| Tag |
First Indicator |
Second Indicator |
Subfields |
| LEADER |
00000cam a2200000 a 4500 |
| 001 |
in00000083058 |
| 005 |
20151008055548.0 |
| 008 |
801020c19801979cauf 00010 engm |
| 010 |
|
|
|a 80133406
|
| 035 |
|
|
|a (OCoLC)06915944
|
| 035 |
|
|
|9 AAJ3793AM
|
| 040 |
|
|
|a DLC
|c DLC
|d m.c.
|d TXA
|d UtOrBLW
|
| 043 |
|
|
|a a-cc---
|
| 049 |
|
|
|a TXAM
|c [1804577]
|
| 050 |
0 |
0 |
|a HF3836.5
|b .L58
|
| 082 |
0 |
|
|a 382/.0951
|2 19
|
| 100 |
1 |
|
|a Liu, Chaojin.
|
| 245 |
1 |
0 |
|a China's foreign trade :
|b its policy and practice /
|c Liu Chaojin, Wang Linsheng.
|
| 264 |
|
1 |
|a San Francisco, Calif. :
|b CTPS-U.S.A. (S.F.) Inc.,
|c 1980
|
| 264 |
|
4 |
|c ©1979
|
| 300 |
|
|
|a 246 pages, 1 unnumbered folded leaf of plates ;
|c 22 cm.
|
| 336 |
|
|
|a text
|b txt
|2 rdacontent
|
| 337 |
|
|
|a unmediated
|b n
|2 rdamedia
|
| 338 |
|
|
|a volume
|b nc
|2 rdacarrier
|
| 500 |
|
|
|a Title in Chinese on cover: Chung-kuo tui wai mao i cheng tse yu shih wu.
|
| 500 |
|
|
|a "Being Institute of foreign trade people Republic of China."
|
| 651 |
|
0 |
|a China
|x Commerce.
|
| 700 |
1 |
|
|a Wang, Linsheng.
|
| 740 |
0 |
|
|a Chung-kuo tui wai mao i cheng tse yu shih wu.
|
| 999 |
|
|
|a MARS
|
| 999 |
f |
f |
|s 9445bb8a-e93d-336a-8094-cf649dbb32de
|i 86f4d4cd-14f3-37ba-afa0-5f5633d80d34
|t 0
|
| 952 |
f |
f |
|p ric
|a Texas A&M University
|b Rellis Campus
|c Joint Library Facility
|d Remote Storage
|t 0
|e HF3836.5 .L58
|h Library of Congress classification
|i unmediated -- volume
|m A14806133947
|
| 998 |
f |
f |
|a HF3836.5 .L58
|t 0
|l Remote Storage
|